| 000 | 00520nam a22001217a 4500 | ||
|---|---|---|---|
| 008 | 160127b xxu||||| |||| 00| 0 eng d | ||
| 020 | _a9781860580345 | ||
| 082 |
_a621.312136 _bWIN 1996 |
||
| 245 |
_aWind energy conversion 1997 : _bproceedings of the 18th British Wind Energy Association Conference, Exeter University, UK, 25-27 September 1996 _cedited by Dr. Mike Anderson |
||
| 260 |
_aBury st edmunds and london: _bMechanical engieering publishing limited; _cc1996. |
||
| 300 |
_a473p: _bill; _c26cm, |
||
| 942 |
_2ddc _cBK |
||
| 999 |
_c355982 _d355982 |
||